Movies Quiz

Random Movies or Nominee Quiz
Score 0/101 Timer 08:00
0 Plays Today
Category Answer % Correct
Best PictureBirdman
86.6%
Original ScreenplayBirdman
86.6%
Best CinematographyBirdman
86.6%
Best Sound MixingBirdman
86.5%
Best Sound EditingBirdman
86.5%
Adapted ScreenplayThe Theory of Everything
79.8%
Best Original ScoreThe Theory of Everything
79.8%
Best PictureThe Theory of Everything
79.8%
Best ActorMichael Keaton - Birdman
79.1%
Best PictureThe Imitation Game
77.2%
Adapted ScreenplayThe Imitation Game
77.2%
Best Original ScoreThe Imitation Game
77.2%
Best EditingThe Imitation Game
77.2%
Best Production DesignThe Imitation Game
77.2%
Best PictureBoyhood
77.1%
Original ScreenplayBoyhood
77%
Best EditingBoyhood
77%
Adapted ScreenplayAmerican Sniper
74.4%
Best PictureAmerican Sniper
74.4%
Best EditingAmerican Sniper
74.4%
Best Sound MixingAmerican Sniper
74.4%
Best Sound EditingAmerican Sniper
74.4%
Best ActorEddie Redmayne - The Theory of Everything
73.2%
Best ActorBenedict Cumberbatch - The Imitation Game
73.2%
Best ActorBradley Cooper - American Sniper
71.7%
Best Supporting ActressMeryl Streep - Into the Woods
71.7%
Best PictureThe Grand Budapest Hotel
70.5%
Original ScreenplayThe Grand Budapest Hotel
70.5%
Best Costume DesignThe Grand Budapest Hotel
70.5%
Best CinematographyThe Grand Budapest Hotel
70.5%
Best Makeup/HairstylingThe Grand Budapest Hotel
70.5%
Best Original ScoreThe Grand Budapest Hotel
70.5%
Best EditingThe Grand Budapest Hotel
70.4%
Best Production DesignThe Grand Budapest Hotel
70.4%
Category Answer % Correct
Best Original Song'Glory' - Selma
69.8%
Best PictureSelma
69.5%
Best Supporting ActressEmma Stone - Birdman
66.8%
Best Sound MixingWhiplash
66.8%
Best PictureWhiplash
66.8%
Adapted ScreenplayWhiplash
66.8%
Best EditingWhiplash
66.8%
Best ActressJulianne Moore - Still Alice
66.2%
Best Supporting ActressPatricia Arquette - Boyhood
64%
Best Supporting ActorJ.K. Simmons - Whiplash
62.5%
Best ActorSteve Carell - Foxcatcher
62.1%
Best Supporting ActorEdward Norton - Birdman
61.6%
Best Supporting ActorEthan Hawke - Boyhood
61.6%
Original ScreenplayFoxcatcher
61.3%
Best Makeup/HairstylingFoxcatcher
61.3%
Best ActressFelicity Jones - The Theory of Everything
60.7%
Best Supporting ActressKeira Knightley - The Imitation Game
59.1%
Best Costume DesignInto the Woods
58.5%
Best Production DesignInto the Woods
58.5%
Best DirectorWes Anderson - The Grand Budapest Hotel
57.8%
Best DirectorRichard Linklater - Boyhood
56.5%
Best ActressReese Witherspoon - Wild
56.3%
Best Supporting ActorMark Ruffalo - Foxcatcher
53.9%
Best DirectorAlejandro González Iñárritu - Birdman
52.1%
Best Original ScoreInterstellar
51.7%
Best Sound EditingInterstellar
51.7%
Best Production DesignInterstellar
51.7%
Best Sound MixingInterstellar
51.7%
Best Visual EffectsInterstellar
51.7%
Best Animated FeatureBig Hero 6
49.8%
Best ActressRosamund Pike - Gone Girl
48.4%
Best Animated FeatureHow to Train Your Dragon 2
48.2%
Best Original Song'Everything is Awesome' - The Lego Movie
44.7%
Best ActressMarion Cotillard - Two Days, One Night
43.6%
Category Answer % Correct
Best Makeup/HairstylingGuardians of the Galaxy
43%
Best Visual EffectsGuardians of the Galaxy
43%
Best Supporting ActressLaura Dern - Wild
42.9%
Best DirectorBennett Miller - Foxcatcher
39.3%
Best Supporting ActorRobert Duvall - The Judge
38.8%
Best CinematographyIda
37.7%
Best Foreign FeatureIda - Poland
37.7%
Original ScreenplayNightcrawler
35.2%
Best Animated FeatureThe Boxtrolls
34%
Best DirectorMorten Tyldum - The Imitation Game
32.2%
Best Visual EffectsCaptain America: The Winter Soldier
31.9%
Best CinematographyUnbroken
30.1%
Best Sound MixingUnbroken
30.1%
Best Sound EditingUnbroken
30.1%
Best Sound EditingThe Hobbit: The Battle of the Five Armies
30%
Adapted ScreenplayInherent Vice
29.6%
Best Costume DesignInherent Vice
29.6%
Best Foreign FeatureLeviathan - Russia
28.9%
Best Original ScoreMr. Turner
27.4%
Best Costume DesignMr. Turner
27.4%
Best CinematographyMr. Turner
27.4%
Best Production DesignMr. Turner
27.4%
Best Visual EffectsX-Men: Days of Future Past
26.5%
Best Visual EffectsDawn of the Planet of the Apes
25.9%
Best Animated FeatureSong of the Sea
22.7%
Best Costume DesignMaleficent
22.6%
Best Foreign FeatureTangerines - Estonia
20.8%
Best Animated FeatureThe Tale of the Princess Kaguya
20.1%
Best Original Song'Lost Stars' - Begin Again
19.3%
Best Foreign FeatureTimbuktu - Mauritania
18.7%
Best Foreign FeatureWild Tales - Argentina
18.4%
Best Original Song'I'm Not Gonna Miss You' - Glen Campbell: I'll be Me
16.3%
Best Original Song'Grateful' - Beyond the Lights
16.1%
Remove Ads.
Support Sporcle.
Get the best of Sporcle when you Go Orange. This ad-free experience offers more features, more stats, and more fun while also helping to support Sporcle. Thank you for becoming a member.

You're not logged in!

Compare scores with friends on all Sporcle quizzes.
OR
Log In

Show Comments

Extras

Top Quizzes Today


Score Distribution

Your Account Isn't Verified!

In order to create a playlist on Sporcle, you need to verify the email address you used during registration. Go to your Sporcle Settings to finish the process.

Report this User

Report this user for behavior that violates our Community Guidelines.

Details: